| Tag |
First Indicator |
Second Indicator |
Subfields |
| LEADER |
00000cam a2200000 4500 |
| 001 |
in00000073342 |
| 005 |
20151008052527.0 |
| 008 |
761018s1952 ilu 00000 eng |
| 010 |
|
|
|a 52009917
|
| 035 |
|
|
|a (OCoLC)02511268
|
| 035 |
|
|
|9 AAH3739AM
|
| 040 |
|
|
|a DLC
|c OHI
|d TXA
|d UtOrBLW
|
| 049 |
|
|
|a TXAM
|c [211525]
|
| 050 |
|
0 |
|a LB875
|b .M135
|
| 082 |
0 |
|
|a 370.1
|
| 092 |
|
|
|a 370.1
|b M135m
|
| 100 |
1 |
|
|a Macdonald, John,
|d 1887-
|
| 245 |
1 |
0 |
|a Mind, school, and civilization ;
|b a contribution to the philosophy of education.
|
| 264 |
|
1 |
|a [Chicago] :
|b University of Chicago,
|c [1952]
|
| 300 |
|
|
|a 132 pages ;
|c 22 cm.
|
| 336 |
|
|
|a text
|b txt
|2 rdacontent
|
| 337 |
|
|
|a unmediated
|b n
|2 rdamedia
|
| 338 |
|
|
|a volume
|b nc
|2 rdacarrier
|
| 650 |
|
0 |
|a Education
|x Philosophy.
|
| 999 |
|
|
|a MARS
|
| 999 |
f |
f |
|s b384c773-4827-32f0-8ae7-2311556046e9
|i 07b71b86-cd14-354c-a994-af95a3b1a6b6
|t 0
|
| 952 |
f |
f |
|p ric
|a Texas A&M University
|b Rellis Campus
|c Joint Library Facility
|d Remote Storage
|t 0
|e LB875 .M135
|h Library of Congress classification
|i unmediated -- volume
|m A14800819024
|
| 998 |
f |
f |
|a LB875 .M135
|t 0
|l Remote Storage
|